000 00346pab a2200145 454500
008 180718b1983 xxu||||| |||| 00| 0 eng d
100 _aNaidu, Usha S.
245 _ayouth in contemporary India
260 _c1983
300 _a395-400
362 _aJan.
650 _aYouth - India
773 _aIndian Journal of Social Work
909 _a21105
999 _c21105
_d21105